Pratityasamutpada - dependent origination / (Record no. 39236)

MARC details
000 -LEADER
fixed length control field 00787nam a22002057a 4500
005 - DATE AND TIME OF LATEST TRANSACTION
control field 20100804140630.0
010 ## - LCCN (DPL NO)
LC control number ENG-98049
020 ## - INTERNATIONAL STANDARD BOOK NUMBER
International Standard Book Number 9788170392668
Terms of availability 500.00
035 ## - SYSTEM CONTROL NUMBER
System control number EN-81582
037 ## - SOURCE OF ACQUISITION
Source of stock number/acquisition DBAD/PUB
082 ## - DEWEY DECIMAL CLASSIFICATION NUMBER
Classification number 250
245 ## - TITLE STATEMENT
Title Pratityasamutpada - dependent origination /
Statement of responsibility, etc edited by Kalpakam Sankarnarayan [and] Parineeta Deshpande
260 ## - PUBLICATION, DISTRIBUTION, ETC. (IMPRINT)
Place of publication, distribution, etc Mumbai
Name of publisher, distributor, etc Somaiya Publications
Date of publication, distribution, etc 2007
270 ## - ADDRESS
Address 3rd Floor, Mangement Institute Building, Somaiya Vidhyavihar Campus, Vidyavihar
City Mumbai
Postal code 400077
300 ## - PHYSICAL DESCRIPTION
Extent lvii,179p.
Dimensions 24cm (Hb)
650 ## - SUBJECT ADDED ENTRY--TOPICAL TERM
Topical term or geographic name as entry element Pratityasamutpada
700 ## - ADDED ENTRY--PERSONAL NAME
Personal name Deshpande, Parineeta
9 (RLIN) 6061
942 ## - ADDED ENTRY ELEMENTS (KOHA)
Source of classification or shelving scheme Dewey Decimal Classification
Item type English Books
Classification part 250
Call number suffix PRA
Holdings
Withdrawn status Lost status Not for loan Collection code Home library Current library Date acquired Source of acquisition Cost, normal purchase price Full call number Barcode Copy number Cost, replacement price Koha item type
    Not For Loan Non-fiction D.B.Act.Division D.B.Act.Division 04/08/2010 DBAD/PUB 500.00 250 PRA EN-81582 1 500.00 English Books

© Delhi Public Library
Hit Counter
free hit counter